000 00408nam a2200157 i 4500
001 57012
003 ES-MaACL
005 20230906163508.0
007 t|
008 031014s1920 ag ||||1| spa d
100 1 _aDobranich, Horacio H.
_944942
245 1 3 _aEl redentor /
_cHoracio H. Dobranich.
260 _aBuenos Aires :
_b[s.n.],
_c1920.
300 _a43 p. ;
_c28 cm.
852 _aES-MaACL
_j1593-F-10
999 _c57012
_d57012